<?xml version="1.0" encoding="UTF-8"?>
<collection xmlns="http://www.loc.gov/MARC21/slim">
 <record>
  <leader>02751aam a22003138a 4500</leader>
  <controlfield tag="001">NCT_17983</controlfield>
  <controlfield tag="008">131223s2013                  ||||||viesd</controlfield>
  <datafield tag="999" ind1=" " ind2=" ">
   <subfield code="c">852</subfield>
   <subfield code="d">852</subfield>
  </datafield>
  <datafield tag="020" ind1=" " ind2=" ">
   <subfield code="c">20000</subfield>
  </datafield>
  <datafield tag="082" ind1="0" ind2="4">
   <subfield code="2">23rd ed.</subfield>
   <subfield code="a">631.47</subfield>
   <subfield code="b">Ng100</subfield>
  </datafield>
  <datafield tag="100" ind1="1" ind2=" ">
   <subfield code="a">Trương Thị Nga</subfield>
  </datafield>
  <datafield tag="245" ind1="1" ind2="0">
   <subfield code="a">Giáo trình sử dụng đất ngập nước nhân tạo kiểm soát ô nhiễm môi trường</subfield>
   <subfield code="c">Trương Thị Nga, Ngô Thuỵ Diễm Trang</subfield>
  </datafield>
  <datafield tag="260" ind1=" " ind2=" ">
   <subfield code="a">Cần Thơ</subfield>
   <subfield code="b">Nxb. Đại học Cần Thơ</subfield>
   <subfield code="c">2013</subfield>
  </datafield>
  <datafield tag="300" ind1=" " ind2=" ">
   <subfield code="a">95tr.</subfield>
   <subfield code="b">minh hoạ</subfield>
   <subfield code="c">24cm</subfield>
  </datafield>
  <datafield tag="520" ind1="3" ind2=" ">
   <subfield code="a">Trình bày tổng quan về nước và sự ô nhiễm; các hệ thống đất ngập nước xử lý ô nhiễm; các thông số thiết kế đất ngập nước; tiến trình và cơ chế loại bỏ chất ô nhiễm, cải thiện chất lượng nước bằng đất ngập nước; thực vật thuỷ sinh và các đặc điểm thích nghi trong môi trường ô nhiễm...</subfield>
  </datafield>
  <datafield tag="653" ind1=" " ind2=" ">
   <subfield code="a">Quản lý đất đai</subfield>
  </datafield>
  <datafield tag="655" ind1=" " ind2="7">
   <subfield code="a">Giáo trình</subfield>
  </datafield>
  <datafield tag="700" ind1="1" ind2=" ">
   <subfield code="a">Ngô Thuỵ Diễm Trang</subfield>
  </datafield>
  <datafield tag="942" ind1=" " ind2=" ">
   <subfield code="2">ddc</subfield>
   <subfield code="c">BK</subfield>
  </datafield>
  <datafield tag="952" ind1=" " ind2=" ">
   <subfield code="0">0</subfield>
   <subfield code="1">0</subfield>
   <subfield code="2">ddc</subfield>
   <subfield code="4">0</subfield>
   <subfield code="6">631_470000000000000_NG100</subfield>
   <subfield code="7">0</subfield>
   <subfield code="9">4261</subfield>
   <subfield code="a">000001</subfield>
   <subfield code="b">000001</subfield>
   <subfield code="d">2017-11-25</subfield>
   <subfield code="o">631.47 Ng100</subfield>
   <subfield code="p">MD.04201</subfield>
   <subfield code="r">2017-11-25</subfield>
   <subfield code="v">20000.00</subfield>
   <subfield code="w">2017-11-25</subfield>
   <subfield code="y">BK</subfield>
  </datafield>
  <datafield tag="952" ind1=" " ind2=" ">
   <subfield code="0">0</subfield>
   <subfield code="1">0</subfield>
   <subfield code="2">ddc</subfield>
   <subfield code="4">0</subfield>
   <subfield code="6">631_470000000000000_NG100</subfield>
   <subfield code="7">0</subfield>
   <subfield code="9">4262</subfield>
   <subfield code="a">000001</subfield>
   <subfield code="b">000001</subfield>
   <subfield code="d">2017-11-25</subfield>
   <subfield code="l">2</subfield>
   <subfield code="o">631.47 Ng100</subfield>
   <subfield code="p">MD.04202</subfield>
   <subfield code="r">2020-11-10</subfield>
   <subfield code="s">2020-10-29</subfield>
   <subfield code="v">20000.00</subfield>
   <subfield code="w">2017-11-25</subfield>
   <subfield code="y">BK</subfield>
  </datafield>
  <datafield tag="952" ind1=" " ind2=" ">
   <subfield code="0">0</subfield>
   <subfield code="1">0</subfield>
   <subfield code="2">ddc</subfield>
   <subfield code="4">0</subfield>
   <subfield code="6">631_470000000000000_NG100</subfield>
   <subfield code="7">0</subfield>
   <subfield code="9">4263</subfield>
   <subfield code="a">000001</subfield>
   <subfield code="b">000001</subfield>
   <subfield code="d">2017-11-25</subfield>
   <subfield code="o">631.47 Ng100</subfield>
   <subfield code="p">MD.04203</subfield>
   <subfield code="r">2017-11-25</subfield>
   <subfield code="v">20000.00</subfield>
   <subfield code="w">2017-11-25</subfield>
   <subfield code="y">BK</subfield>
  </datafield>
  <datafield tag="952" ind1=" " ind2=" ">
   <subfield code="0">0</subfield>
   <subfield code="1">0</subfield>
   <subfield code="2">ddc</subfield>
   <subfield code="4">0</subfield>
   <subfield code="6">631_470000000000000_NG100</subfield>
   <subfield code="7">0</subfield>
   <subfield code="9">4264</subfield>
   <subfield code="a">000001</subfield>
   <subfield code="b">000001</subfield>
   <subfield code="d">2017-11-25</subfield>
   <subfield code="l">3</subfield>
   <subfield code="m">1</subfield>
   <subfield code="o">631.47 Ng100</subfield>
   <subfield code="p">MD.04204</subfield>
   <subfield code="r">2020-11-27</subfield>
   <subfield code="s">2020-10-29</subfield>
   <subfield code="v">20000.00</subfield>
   <subfield code="w">2017-11-25</subfield>
   <subfield code="y">BK</subfield>
  </datafield>
  <datafield tag="952" ind1=" " ind2=" ">
   <subfield code="0">0</subfield>
   <subfield code="1">0</subfield>
   <subfield code="2">ddc</subfield>
   <subfield code="4">0</subfield>
   <subfield code="6">631_470000000000000_NG100</subfield>
   <subfield code="7">0</subfield>
   <subfield code="9">4265</subfield>
   <subfield code="a">000001</subfield>
   <subfield code="b">000001</subfield>
   <subfield code="d">2017-11-25</subfield>
   <subfield code="l">2</subfield>
   <subfield code="m">1</subfield>
   <subfield code="o">631.47 Ng100</subfield>
   <subfield code="p">MD.04205</subfield>
   <subfield code="r">2019-11-26</subfield>
   <subfield code="s">2019-10-25</subfield>
   <subfield code="v">20000.00</subfield>
   <subfield code="w">2017-11-25</subfield>
   <subfield code="y">BK</subfield>
  </datafield>
  <datafield tag="952" ind1=" " ind2=" ">
   <subfield code="0">0</subfield>
   <subfield code="1">0</subfield>
   <subfield code="2">ddc</subfield>
   <subfield code="4">0</subfield>
   <subfield code="6">631_470000000000000_NG100</subfield>
   <subfield code="7">0</subfield>
   <subfield code="9">4266</subfield>
   <subfield code="a">000001</subfield>
   <subfield code="b">000001</subfield>
   <subfield code="d">2017-11-25</subfield>
   <subfield code="l">4</subfield>
   <subfield code="o">631.47 Ng100</subfield>
   <subfield code="p">MD.04206</subfield>
   <subfield code="r">2020-11-20</subfield>
   <subfield code="s">2020-11-06</subfield>
   <subfield code="v">20000.00</subfield>
   <subfield code="w">2017-11-25</subfield>
   <subfield code="y">BK</subfield>
  </datafield>
  <datafield tag="952" ind1=" " ind2=" ">
   <subfield code="0">0</subfield>
   <subfield code="1">0</subfield>
   <subfield code="2">ddc</subfield>
   <subfield code="4">0</subfield>
   <subfield code="6">631_470000000000000_NG100</subfield>
   <subfield code="7">0</subfield>
   <subfield code="9">4267</subfield>
   <subfield code="a">000001</subfield>
   <subfield code="b">000001</subfield>
   <subfield code="d">2017-11-25</subfield>
   <subfield code="l">3</subfield>
   <subfield code="o">631.47 Ng100</subfield>
   <subfield code="p">MD.04207</subfield>
   <subfield code="r">2020-05-19</subfield>
   <subfield code="s">2020-05-04</subfield>
   <subfield code="v">20000.00</subfield>
   <subfield code="w">2017-11-25</subfield>
   <subfield code="y">BK</subfield>
  </datafield>
  <datafield tag="952" ind1=" " ind2=" ">
   <subfield code="0">0</subfield>
   <subfield code="1">0</subfield>
   <subfield code="2">ddc</subfield>
   <subfield code="4">0</subfield>
   <subfield code="6">631_470000000000000_NG100</subfield>
   <subfield code="7">0</subfield>
   <subfield code="9">4268</subfield>
   <subfield code="a">000001</subfield>
   <subfield code="b">000001</subfield>
   <subfield code="d">2017-11-25</subfield>
   <subfield code="l">1</subfield>
   <subfield code="o">631.47 Ng100</subfield>
   <subfield code="p">MD.04208</subfield>
   <subfield code="r">2018-06-05</subfield>
   <subfield code="s">2018-05-22</subfield>
   <subfield code="v">20000.00</subfield>
   <subfield code="w">2017-11-25</subfield>
   <subfield code="y">BK</subfield>
  </datafield>
  <datafield tag="952" ind1=" " ind2=" ">
   <subfield code="0">0</subfield>
   <subfield code="1">0</subfield>
   <subfield code="2">ddc</subfield>
   <subfield code="4">0</subfield>
   <subfield code="6">631_470000000000000_NG100</subfield>
   <subfield code="7">0</subfield>
   <subfield code="9">4269</subfield>
   <subfield code="a">000001</subfield>
   <subfield code="b">000001</subfield>
   <subfield code="d">2017-11-25</subfield>
   <subfield code="l">1</subfield>
   <subfield code="o">631.47 Ng100</subfield>
   <subfield code="p">MD.04209</subfield>
   <subfield code="r">2020-06-22</subfield>
   <subfield code="s">2020-06-11</subfield>
   <subfield code="v">20000.00</subfield>
   <subfield code="w">2017-11-25</subfield>
   <subfield code="y">BK</subfield>
  </datafield>
  <datafield tag="980" ind1=" " ind2=" ">
   <subfield code="a">Thư viện Trường Đại học Nam Cần Thơ</subfield>
  </datafield>
 </record>
</collection>
